Music Quiz

Random Music or Clip Quiz

Songs About Money Quiz Stats

Quiz Updated Aug 11, 2016

Also try: 'No No No' Songs
Challenge
Share
Tweet
Score 0/50 Timer 16:00
0 Plays Today
Time Song % Correct
0:01 - 0:08Gold Digger
79.3%
7:18 - 7:27Respect
67.6%
3:04 - 3:16Royals
66.8%
5:44 - 5:51I'm Gonna Be (500 Miles)
63.9%
3:25 - 3:34Bittersweet Symphony
62.3%
1:38 - 1:48Fast Car
61.3%
1:48 - 2:00My Girl
61.1%
5:09 - 5:18Can't Buy Me Love
60.9%
6:59 - 7:08I Got You Babe
59.3%
7:27 - 7:36Uptown Funk
58.3%
5:34 - 5:449 to 5
55.3%
3:45 - 3:52Blue Suede Shoes
52.9%
5:18 - 5:26Price Tag
48.1%
0:25 - 0:33Waking Up in Vegas
47.8%
2:54 - 3:04Dust in the Wind
46.3%
6:29 - 6:40The Gambler
46.2%
6:21 - 6:29My Humps
45.1%
4:52 - 5:01Rebel Yell
40.6%
2:00 - 2:08Counting Stars
38.7%
1:29 - 1:38U + Ur Hand
36.5%
3:52 - 4:02Independent Women Part I
35.1%
1:01 - 1:12R.O.C.K. in the U.S.A.
32.7%
432: - 4:43The Letter
29.5%
4:11 - 4:20Ain't No Rest for the Wicked
29.4%
2:35 - 2:44Who Will Save Your Soul
29.4%
Time Song % Correct
2:18 - 2:27All I Do Is Win
28.4%
0:54 - 1:01Private Dancer
26.6%
6:40 - 6:49Rapper's Delight
26.1%
4:43 - 4:52Doo Wop (That Thing)
25.3%
2:27 - 2:35Nothin' but a Good Time
22.4%
0:17 - 0:25Gay Bar
21.6%
2:08 - 2:18Wagon Wheel
21%
3:16 - 3:25Live Your Life
20.6%
1:21 - 1:29Fire Burning
20.4%
7:36 - 7:47I Got a Woman
19.1%
6:49 - 6:59You Never Can Tell
19.1%
0:08 - 0:17Atlantic City
17.8%
3:34 - 3:45The Night They Drove Old Dixie Down
17.6%
5:51 - 6:00New Shoes
17.1%
4:02 - 4:11Lido Shuffle
16.6%
7:08 - 7:18Take a Walk
13.2%
5:01 - 5:096 Foot 7 Foot
13.1%
1:12 - 1:21Five O'Clock World
12.9%
2:44 - 2:54Just to See You Smile
11.5%
6:12 - 6:21Take Me to the River
10.8%
0:45 - 0:54Hate Me Now
9.6%
0:33 - 0:45Bloodbuzz Ohio
7%
4:20 - 4:32God Bless the Child
5.4%
6:00 - 6:12Complete Control
4.7%
5:26 - 5:34Incomplete
3.1%

You're not logged in!

Compare scores with friends on all Sporcle quizzes.
Sign Up with Email
OR
Log In

You Might Also Like...

Show Comments

Extras

Top Quizzes Today


Score Distribution

Your Account Isn't Verified!

In order to create a playlist on Sporcle, you need to verify the email address you used during registration. Go to your Sporcle Settings to finish the process.